|
|
|
|
| LEADER |
01862nam a2200493 a 4500 |
| 001 |
nkc20081798878 |
| 003 |
CZ PrNK |
| 005 |
20081009140006.0 |
| 007 |
ta |
| 008 |
080403s2008 xr e p 000 0 cze |
| 015 |
|
|
|a cnb001798878
|
| 020 |
|
|
|a 978-80-245-1353-9
|q (brož.)
|
| 035 |
|
|
|a (OCoLC)259736725
|
| 040 |
|
|
|a OLA001
|b cze
|
| 072 |
|
7 |
|a 35
|x Veřejná správa
|2 Konspekt
|9 15
|
| 072 |
|
7 |
|a 37.016
|x Učební osnovy. Vyučovací předměty. Učebnice
|2 Konspekt
|9 22
|
| 080 |
|
|
|a 35
|2 MRF
|
| 080 |
|
|
|a 007+004
|2 MRF
|
| 080 |
|
|
|a (075.8)
|2 MRF
|
| 100 |
1 |
|
|a Pokorný, Pavel,
|d 1952-
|7 mzk2005282672
|4 aut
|
| 245 |
1 |
0 |
|a Informační systémy veřejné sféry pro manažery :
|b průvodce ke kurzu v Moodle /
|c Pavel Pokorný
|
| 246 |
3 |
0 |
|a Moodle
|
| 246 |
3 |
0 |
|a Průvodce ke kurzu v Moodle
|
| 246 |
1 |
7 |
|a Informační systémy veřejné správy - Moodle 2007 - průvodce kurzu
|
| 250 |
|
|
|a Vyd. 1.
|
| 260 |
|
|
|a Praha :
|b Oeconomica,
|c 2008
|
| 300 |
|
|
|a 29 s. ;
|c 21 cm +
|e 1 CD
|
| 500 |
|
|
|a Nad názvem: Vysoká škola ekonomická v Praze, Fakulta managementu Jindřichův Hradec
|
| 500 |
|
|
|a 50 výt.
|
| 504 |
|
|
|a Obsahuje bibliografické odkazy
|
| 521 |
8 |
|
|a Určeno pro bakalářské studium
|
| 550 |
|
|
|a Vydavatel: Vysoká škola ekonomická v Praze
|
| 650 |
0 |
7 |
|a veřejná správa
|7 ph127076
|2 czenas
|
| 650 |
0 |
7 |
|a informační systémy
|7 ph114774
|2 czenas
|
| 650 |
0 |
9 |
|a public administration
|2 eczenas
|
| 650 |
0 |
9 |
|a information systems
|2 eczenas
|
| 655 |
|
7 |
|a učebnice vysokých škol
|7 fd133772
|2 czenas
|
| 655 |
|
9 |
|a textbooks (higher)
|2 eczenas
|
| 710 |
2 |
|
|a Vysoká škola ekonomická v Praze.
|b Fakulta managementu
|7 ko2002109809
|
| 910 |
2 |
|
|a BOA001
|b 2-1208.883
|
| 990 |
|
|
|a BK
|
| 995 |
|
|
|a 01
|
| 991 |
|
|
|b 200808
|c NOV
|
| 996 |
6 |
|
|b 2610350266
|c 2-1208.883
|l MZK
|r Sklad / do 1 hodiny
|n 4
|p p.v.
|w 001071054
|u 000010
|a 1
|e BOA001
|j MZK50
|s P
|